000 00642nam a2200205 i 4500
001 50195
003 ES-MaACL
005 20230906162135.0
007 t|
008 030801s1966 sp ||||1| spa d
100 1 _aCuesta, J. Manuel.
_942036
245 1 0 _aGimnasia deportiva /
_cJanel Cuesta.
250 _a1ª ed.
260 _a[Madrid] :
_bDonal,
_c[1966]
300 _a116 p. :
_bil. ;
_c18 cm.
490 1 _aManuales para especialistas de la Organización Juvenil Española
830 0 _aManuales para especialistas de la Organización Juvenil Española
_9183524
852 _aES-MaACL
_jC-53485
_bR.68813
999 _c50195
_d50195